|
|
|
|
| LEADER |
00000nam a22000007ic4500 |
| 001 |
IT\ICCU\UBO\4872840 |
| 003 |
ItRI |
| 005 |
20260115232010.0 |
| 008 |
250415s2021 xxu|||||| ||||| |||||c |
| 020 |
|
|
|a 9781338775525
|
| 040 |
|
|
|b ita
|c importazione bologna sebina
|
| 041 |
|
7 |
|a eng
|2 ISO-639-2
|
| 245 |
0 |
0 |
|a Magical boy.
|
| 300 |
|
|
|a 317 p. :
|b fumetti ;
|c 23 cm.
|
| 773 |
0 |
|
|w IT\ICCU\UBO\4872839
|t Magical boy
|a <<The >>Kao
|0 IT\ICCU\UBOV\156270
|
| 942 |
|
|
|2 ddc
|c BK
|n 0
|
| 952 |
|
|
|0 0
|1 0
|4 0
|6 F_741_535000000000000_KAO
|7 0
|9 18651
|a BO
|b BO
|d 2026-01-15
|i 20561
|l 0
|o F 741.535 KAO
|p BO20561
|r 2026-01-15 23:20:10
|w 2026-01-15
|x [Sebina 5] [2 V.]
|y BK
|z 1 v.
|
| 999 |
|
|
|c 15815
|d 15815
|